000 00311nam a22001217a 4500
008 170628b xxu||||| |||| 00| 0 eng d
041 _aeng
080 _25 ED
_a82
100 _a21
101 _aGJL
245 _aGENEREFLECTING A GUIDE TO READING INTERESTS GENRE FICTION
_cHERALD.D.T
942 _2udc
_cBK
999 _c19336
_d19336